| 000 | 00529nam a2200145Ia 4500 | ||
|---|---|---|---|
| 008 | 190228s9999 xx 000 0 und d | ||
| 020 | _a9781119424925 | ||
| 100 | _aAlen, Michael. | ||
| 245 |
_cMichael Alden.-- _aBlueprint to business : _ban entrepeneur's guide to taking action, commiting to the grind, and doing the things that most peaople won't / |
||
| 260 |
_aNew Jersey : _bJohn Willey & Sons _c2018 |
||
| 300 | _axii, 164 pages. | ||
| 500 | _aIncludes indexes. | ||
| 650 | _aEntrepreneurship. | ||
| 650 | _aSmall business. | ||
| 999 |
_c361325 _d361325 |
||